<?xml version="1.0" encoding="UTF-8"?>
<record
    xmlns:xsi="http://www.w3.org/2001/XMLSchema-instance"
    xsi:schemaLocation="http://www.loc.gov/MARC21/slim http://www.loc.gov/standards/marcxml/schema/MARC21slim.xsd"
    xmlns="http://www.loc.gov/MARC21/slim">

  <leader>00887na  a2200277   4500</leader>
  <controlfield tag="001">14448</controlfield>
  <controlfield tag="003">MIRAKIL</controlfield>
  <controlfield tag="005">20181213154851.0</controlfield>
  <controlfield tag="008">160828b        tu            000 0      </controlfield>
  <datafield tag="035" ind1=" " ind2=" ">
    <subfield code="a">13903</subfield>
  </datafield>
  <datafield tag="040" ind1=" " ind2=" ">
    <subfield code="a">Milas</subfield>
    <subfield code="b">tur</subfield>
    <subfield code="c">TR-AnCHP</subfield>
  </datafield>
  <datafield tag="082" ind1=" " ind2=" ">
    <subfield code="a">DAN 306.87203</subfield>
    <subfield code="b">E75 [199?]</subfield>
  </datafield>
  <datafield tag="090" ind1=" " ind2=" ">
    <subfield code="a">DAN 306.87203 E75 [199?]</subfield>
  </datafield>
  <datafield tag="245" ind1=" " ind2=" ">
    <subfield code="a">E&#x15F;im ve ben</subfield>
    <subfield code="b">resimli cinsel k&#xFC;lt&#xFC;r ansiklopedisi</subfield>
  </datafield>
  <datafield tag="246" ind1=" " ind2=" ">
    <subfield code="a">Resimli cinsel k&#xFC;lt&#xFC;r ansiklopedisi</subfield>
  </datafield>
  <datafield tag="260" ind1=" " ind2=" ">
    <subfield code="a">&#x130;stanbul</subfield>
    <subfield code="b">G&#xF6;rsel Yay&#x131;nlar</subfield>
    <subfield code="c">[199?]</subfield>
  </datafield>
  <datafield tag="300" ind1=" " ind2=" ">
    <subfield code="a">3 c.</subfield>
    <subfield code="b">rnkl. res. </subfield>
    <subfield code="c">30 sm.</subfield>
  </datafield>
  <datafield tag="650" ind1=" " ind2=" ">
    <subfield code="a">Kad&#x131;n-erkek ili&#x15F;kileri</subfield>
    <subfield code="x">Cinsel k&#xFC;lt&#xFC;r</subfield>
    <subfield code="y">Ansiklopediler</subfield>
  </datafield>
  <datafield tag="650" ind1=" " ind2=" ">
    <subfield code="a">Cinsel sa&#x11F;l&#x131;k</subfield>
  </datafield>
  <datafield tag="650" ind1=" " ind2=" ">
    <subfield code="a">Cinsel ya&#x15F;am</subfield>
  </datafield>
  <datafield tag="650" ind1=" " ind2=" ">
    <subfield code="a">Cinsel sorunlar</subfield>
  </datafield>
  <datafield tag="650" ind1=" " ind2=" ">
    <subfield code="a">Cinsellik</subfield>
    <subfield code="x">Ansiklopediler</subfield>
  </datafield>
  <datafield tag="650" ind1=" " ind2=" ">
    <subfield code="a">Kar&#x131;-koca ili&#x15F;kileri</subfield>
    <subfield code="x">Cinsel k&#xFC;lt&#xFC;r</subfield>
    <subfield code="y">Ansiklopediler</subfield>
  </datafield>
  <datafield tag="650" ind1=" " ind2=" ">
    <subfield code="a">Cinsel k&#xFC;lt&#xFC;r</subfield>
    <subfield code="y">Ansiklopediler</subfield>
  </datafield>
  <datafield tag="942" ind1=" " ind2=" ">
    <subfield code="2">ddc</subfield>
    <subfield code="c">BKS</subfield>
  </datafield>
  <datafield tag="952" ind1=" " ind2=" ">
    <subfield code="a">0001</subfield>
    <subfield code="b">0001</subfield>
    <subfield code="d">2016-08-28</subfield>
    <subfield code="e">2</subfield>
    <subfield code="h">c.4</subfield>
    <subfield code="l">0</subfield>
    <subfield code="o">DAN 306.87203 E75 [199?]</subfield>
    <subfield code="p">002418</subfield>
    <subfield code="r">2016-08-28 00:00:00</subfield>
    <subfield code="v">0.00</subfield>
    <subfield code="w">2016-08-28</subfield>
    <subfield code="y">BKS</subfield>
  </datafield>
  <datafield tag="952" ind1=" " ind2=" ">
    <subfield code="a">0001</subfield>
    <subfield code="b">0001</subfield>
    <subfield code="d">2016-08-28</subfield>
    <subfield code="e">2</subfield>
    <subfield code="l">0</subfield>
    <subfield code="o">DAN 306.87203 E75 [199?]</subfield>
    <subfield code="p">002419</subfield>
    <subfield code="r">2016-08-28 00:00:00</subfield>
    <subfield code="v">0.00</subfield>
    <subfield code="w">2016-08-28</subfield>
    <subfield code="y">BKS</subfield>
  </datafield>
  <datafield tag="952" ind1=" " ind2=" ">
    <subfield code="a">0001</subfield>
    <subfield code="b">0001</subfield>
    <subfield code="d">2016-08-28</subfield>
    <subfield code="e">2</subfield>
    <subfield code="h">c.2</subfield>
    <subfield code="l">0</subfield>
    <subfield code="o">DAN 306.87203 E75 [199?]</subfield>
    <subfield code="p">002420</subfield>
    <subfield code="r">2016-08-28 00:00:00</subfield>
    <subfield code="v">0.00</subfield>
    <subfield code="w">2016-08-28</subfield>
    <subfield code="y">BKS</subfield>
  </datafield>
  <datafield tag="999" ind1=" " ind2=" ">
    <subfield code="c">2252</subfield>
    <subfield code="d">2252</subfield>
  </datafield>
</record>
